000 00260nam a2200085Ia 4500
245 0 _aThe adventure guide of South Africa
100 _a MARAIS, Jacques Pretoria [South Africa], [c.2012]
_986036
942 _cBK
008 210817s9999 xx 000 0 und d
999 _c325403
_d325402